[Event "POL-chT U14 Girls 15th"]
[Site "Sielpia"]
[Date "2009.04.30"]
[Round "5"]
[White "Kowalewska, Agata"]
[Black "Jacek, Roksana"]
[Result "0-1"]
[WhiteElo "1647"]
[BlackElo "1660"]
[PlyCount "118"]
[EventDate "2009.04.27"]
[EventType "team-tourn"]
[EventRounds "10"]
[EventCountry "POL"]
[SourceTitle "EXT 2011"]
[Source "ChessBase"]
[SourceDate "2010.11.26"]
[SourceVersion "1"]
[SourceVersionDate "2010.11.26"]
[SourceQuality "1"]

1. e4 c5 2. Nf3 Nc6 3. d4 cxd4 4. Nxd4 Nf6 5. Nc3 e5 6. Ndb5 d6 7. Nd5 Nxd5 8. exd5 Nb8 9. c4 a6 10. Nc3 Be7 11. Be2 0-0 12. 0-0 f5 13. Kh1 Nd7 14. f4 Bf6 15. fxe5 Bxe5 16. Qe1 Qf6 17. Ne4 Qg6 18. Nf2 Nc5 19. Qd1 f4 20. Nd3 Nxd3 21. Bxd3 Qf6 22. Rb1 Qh4 23. Qf3 Bg4 24. Qf2 Qh5 25. Re1 f3 26. g3 Bxg3 27. Qxg3 f2 28. Re3 f1Q+ 29. Bxf1 Rxf1+ 30. Kg2 Raf8 31. h4 R8f2+ 32. Qxf2 Rxf2+ 33. Kxf2 Qf5+ 34. Ke1 Qxb1 35. Kd2 Qxa2 36. Kc3 Qa5+ 37. Kc2 Qc5 38. Kc3 b5 39. b3 bxc4 40. bxc4 a5 41. Re4 Bf3 42. Rd4 a4 43. Rd3 Be2 44. Rd4 a3 45. Bxa3 Qxa3+ 46. Kc2 Qe3 47. Rd2 Bxc4 48. Kd1 Bb3+ 49. Kc1 Qe1+ 50. Kb2 Qxd2+ 51. Kxb3 Qxd5+ 52. Kc3 Qe4 53. Kd2 d5 54. Kc3 d4+ 55. Kd2 d3 56. Kc1 Qe2 57. Kb1 Qc2+ 58. Ka1 d2 59. h5 d1Q# 0-1

[Event "POL-chT U14 Girls 15th"]
[Site "Sielpia"]
[Date "2009.04.29"]
[Round "4"]
[White "Tarnowska, Aleksandra"]
[Black "Kowalewska, Agata"]
[Result "1/2-1/2"]
[WhiteElo "1773"]
[BlackElo "1647"]
[PlyCount "61"]
[EventDate "2009.04.27"]
[EventType "team-tourn"]
[EventRounds "10"]
[EventCountry "POL"]
[SourceTitle "EXT 2011"]
[Source "ChessBase"]
[SourceDate "2010.11.26"]
[SourceVersion "1"]
[SourceVersionDate "2010.11.26"]
[SourceQuality "1"]

1. e4 c5 2. Nc3 Nc6 3. f4 g6 4. Nf3 Bg7 5. Bc4 e6 6. Nb5 d6 7. a4 a6 8. Nc3 Nge7 9. d3 0-0 10. 0-0 Rb8 11. Bb3 b5 12. axb5 axb5 13. Ne2 Qb6 14. Kh1 d5 15. c3 c4 16. Bc2 dxe4 17. dxe4 b4 18. e5 Bb7 19. Ng3 Nd5 20. Qe2 bxc3 21. bxc3 Nxc3 22. Qxc4 Nb4 23. Qxc3 Rfc8 24. Qb3 Bd5 25. Qb1 Rxc2 26. Ba3 Qc5 27. Rc1 Rxc1+ 28. Bxc1 Nc6 29. Qd3 Bc4 30. Be3 Bxd3 31. Bxc5 1/2-1/2